| 000 | 02156cam0 2200409 ib4500 | ||
|---|---|---|---|
| 001 | BY-MI0000-br2147962780 | ||
| 005 | 20251020102633.0 | ||
| 010 |
^a978-5-353-07872-2 ^bв переплете |
||
| 100 | ^a20251002d2025 d y0rusy50 ca | ||
| 101 | 1 |
^arus ^ceng |
|
| 102 | ^aRU | ||
| 105 | ^aa z 000oy | ||
| 109 | ^ama | ||
| 200 | 1 |
^aАлиса в Зазеркалье ^e[для среднего школьного возраста] ^fЛьюис Кэрролл ^gперевод с английского Н. Демуровой ^gстихи в переводах С. Маршака, Д. Орловской ^gхудожник М. Митрофанов |
|
| 210 |
^aМосква ^cРОСМЭН ^d2025 |
||
| 215 |
^a155, [4] с., [16] л. цв. ил. ^cил. ^d21 см |
||
| 225 | 1 | ^aСерия "Внеклассное чтение" | |
| 333 | ^a0+ | ||
| 345 | ^95000 экз. | ||
| 606 |
^aХУДОЖЕСТВЕННАЯ ЛИТЕРАТУРА ^3BY-NLB-ar37179 ^2DVNLB |
||
| 606 |
^aЗАРУБЕЖНАЯ ЛИТЕРАТУРА ^3BY-NLB-ar10779 ^2DVNLB |
||
| 606 |
^aАНГЛИЙСКАЯ ЛИТЕРАТУРА ^3BY-NLB-ar2468 ^2DVNLB |
||
| 608 |
^aДЕТСКАЯ И ЮНОШЕСКАЯ ЛИТЕРАТУРА (художеств. произведение) ^3BY-NLB-ar9019 ^2BYGNR |
||
| 608 |
^aСКАЗОЧНАЯ ПОВЕСТЬ ^3BY-NLB-ar3140829 ^2BYGNR |
||
| 686 |
^a84(4Вел)-4 ^2rubbk |
||
| 690 |
^a1 ^2Base ^9BY-MI0000 ^xRSEK |
||
| 700 | 1 |
^aКэрролл ^bЛ. ^3BY-NLB-ar103230 |
|
| 702 | 1 |
^aДемурова ^bН. М. ^gНина Михайловна ^cдоктор филологических наук ^f1930—2021 ^3BY-SEK-436558 ^4730 |
|
| 702 | 1 |
^aМаршак ^bС. Я. ^gСамуил Яковлевич ^f1887—1964 ^3BY-NLB-ar122307 ^4730 |
|
| 702 | 1 |
^aМитрофанов ^bМ. С. ^gМаксим Сергеевич ^cхудожник ^3BY-SEK-ar13370638 ^4040 |
|
| 702 | 1 |
^aОрловская ^bД. Д. ^gДиана Дмитриевна ^3BY-SEK-415442 ^4730 |
|
| 801 | 0 |
^aBY ^bBY-MI0000 ^c20251002 ^gRCR |
|
| 035 | ^a(BY-MI0000)BY-MI0000-br2147962780 | ||
| 899 | 0 |
^aBY-MI0000 ^iК98 ^h84(4Вел) |
|